<?xml version="1.0" encoding="UTF-8"?>
<collection xmlns="http://www.loc.gov/MARC21/slim">
  <record>
    <leader>00000nam  2200000   4500</leader>
    <controlfield tag="001">INLIS000000000049921</controlfield>
    <controlfield tag="005">20250102104438</controlfield>
    <datafield tag="035" ind1="#" ind2="#">
      <subfield code="a">0010-041700000000111</subfield>
    </datafield>
    <controlfield tag="008">250102###########################0######</controlfield>
    <datafield tag="020" ind1="#" ind2="#">
      <subfield code="a">978-979-3832-53-1</subfield>
    </datafield>
    <datafield tag="040" ind1="#" ind2="#">
      <subfield code="a">NBPDMAT</subfield>
    </datafield>
    <datafield tag="082" ind1="#" ind2="#">
      <subfield code="a">745.559 865 33</subfield>
    </datafield>
    <datafield tag="090" ind1="#" ind2="#">
      <subfield code="a">745.559 865 33 Ala m</subfield>
    </datafield>
    <datafield tag="100" ind1="#" ind2="#">
      <subfield code="a">Alan Malingi</subfield>
    </datafield>
    <datafield tag="245" ind1="1" ind2="#">
      <subfield code="a">Mengenal kerajinan tradisional Bima Dompu /</subfield>
      <subfield code="c">Alan Malingi</subfield>
    </datafield>
    <datafield tag="260" ind1="#" ind2="#">
      <subfield code="a">Mataram :</subfield>
      <subfield code="b">Mahani Persada,</subfield>
      <subfield code="c">2010</subfield>
    </datafield>
    <datafield tag="300" ind1="#" ind2="#">
      <subfield code="a">iv, 44 hlm. :</subfield>
      <subfield code="b">ilus. ;</subfield>
      <subfield code="c">21 cm.</subfield>
    </datafield>
    <datafield tag="650" ind1="#" ind2="4">
      <subfield code="a">Kerajinan Rakyat-Bima</subfield>
    </datafield>
    <datafield tag="520" ind1="#" ind2="#">
      <subfield code="a">Biografi : hlm.43-44</subfield>
    </datafield>
    <datafield tag="520" ind1="#" ind2="#">
      <subfield code="a">Kerajinan tradisional merupakan proses pembuatan peralatan dan perlengkapan hidup sehari-hari yang berpedoman pada nilai dan norma budaya yang ada di masyarakat tersebut. Keterampilan yang dimiliki oleh para pengrajin, diperoleh dari warisan leluhur tanpa melalui pendidikan formal. Bermodalkan keterampilan yang dimiliki, mereka mampu membuat berbagai jenis barang, walau dengan perlatan sederhana. Buku ini memaparkan tentang kerajinan tradisional Mbojo yang kaya akan jenis dan bentuknya. Bukan hanya tahan lama dan kuat, namun juga mengandung nilai seni budaya yang tinggi. Buku ini disajikan dalam lima bab, berisi tentang kerajinan tradisional, khususnya pada ragam jenis kerajinan anyaman, gerabah dan kerajinan tenun yang ada di Mbojo (Bima Dompu).</subfield>
    </datafield>
    <datafield tag="990" ind1="#" ind2="#">
      <subfield code="a">21603010/BPAP-NTB/2017</subfield>
    </datafield>
  </record>
</collection>
